<?xml version="1.0" encoding="UTF-8"?>
<collection xmlns:xsi="http://www.w3.org/2001/XMLSchema-instance" xsi:schemaLocation="http://www.loc.gov/MARC21/slim http://www.loc.gov/standards/marcxml/schema/MARC21slim.xsd" xmlns="http://www.loc.gov/MARC21/slim">
 <record>
  <leader>00000cmm a22000004a 4500</leader>
  <controlfield tag="001">UP-99796217611236448</controlfield>
  <controlfield tag="003">Buklod</controlfield>
  <controlfield tag="005">20230215085534.0</controlfield>
  <controlfield tag="006">m    go  j        </controlfield>
  <controlfield tag="007">cr |n |||auu|a</controlfield>
  <controlfield tag="008">110719s2011    xxu        u |      eng d</controlfield>
  <datafield tag="020" ind1=" " ind2=" ">
   <subfield code="a">9781430230496 (eBook)</subfield>
  </datafield>
  <datafield tag="035" ind1=" " ind2=" ">
   <subfield code="a">(iLib)UPD-00215705717</subfield>
  </datafield>
  <datafield tag="040" ind1=" " ind2=" ">
   <subfield code="a">DML</subfield>
  </datafield>
  <datafield tag="041" ind1="0" ind2=" ">
   <subfield code="a">eng</subfield>
  </datafield>
  <datafield tag="042" ind1=" " ind2=" ">
   <subfield code="a">DMLUC</subfield>
  </datafield>
  <datafield tag="084" ind1=" " ind2=" ">
   <subfield code="a">TK 5105.875 I57</subfield>
   <subfield code="b">A48 2011eb</subfield>
  </datafield>
  <datafield tag="100" ind1="1" ind2=" ">
   <subfield code="a">Aitchison, Ron</subfield>
  </datafield>
  <datafield tag="245" ind1="1" ind2="0">
   <subfield code="a">Pro DNS and BIND 10</subfield>
   <subfield code="h">[electronic resource]</subfield>
   <subfield code="c">Ron Aitchison.</subfield>
  </datafield>
  <datafield tag="264" ind1=" " ind2="1">
   <subfield code="a">Berkeley, CA</subfield>
   <subfield code="b">Apress</subfield>
   <subfield code="b">Imprint: Apress</subfield>
   <subfield code="c">2011.</subfield>
  </datafield>
  <datafield tag="300" ind1=" " ind2=" ">
   <subfield code="a">1 online resource (xxx, 661 p.)</subfield>
   <subfield code="b">ill.</subfield>
  </datafield>
  <datafield tag="505" ind1="0" ind2=" ">
   <subfield code="a">Chapter 1, &quot;An Introduction to DNS&quot; Chapter 2,&quot;Zone Files and Resource Records&quot; Chapter 3,&quot;DNS Operations&quot; Chapter 4,&quot;DNS Types&quot; Chapter 5, &quot;DNS and IPv6&quot; Chapter 6, &quot;Installing BIND&quot; Chapter 7,&quot;BIND Type Samples&quot; Chapter 8, &quot;Common DNS Tasks&quot; Chapter 9, &quot;DNS Diagnostics and Tools&quot; Chapter 10,&quot;DNS Secure Configurations&quot; Chapter 11,&quot;DNSSEC&quot; Chapter 12,&quot;BIND Configuration Reference&quot; Chapter 13,&quot;Zone File Reference&quot; Chapter 14,&quot;DNS Messages and Records&quot; Chapter 15 DNS and Active Directory Appendix A,&quot;Domain Name Registration&quot; Appendix B,&quot;DNS RFCs&quot; Appendix C Tools and Utilities</subfield>
  </datafield>
  <datafield tag="506" ind1=" " ind2=" ">
   <subfield code="a">IP-based subscription, access limited to within on-campus computer network.</subfield>
   <subfield code="c">Access via Electronic Resources  of the UPD University Library Website.</subfield>
  </datafield>
  <datafield tag="520" ind1=" " ind2=" ">
   <subfield code="a">Pro DNS and BIND 10 guides you through the challenging array of features surrounding DNS with a special focus on the latest release of BIND, the world?s most popular DNS implementation. This book unravels the mysteries of DNS, offering insight into origins, evolution, and key concepts like domain names and zone files. This book focuses on running DNS systems based on BIND 10, the first stable release that includes support for the latest DNSSEC standards. Whether you administer a DNS system, are thinking about running one, or you simply want to understand the DNS system, then this book for you. Pro DNS and BIND 10 starts with simple concepts, then moves on to full security-aware DNSSEC configurations. Various features, parameters, and Resource Records are described and illustrated with examples. The book contains a complete reference to zone files, resource records, and BIND's configuration file parameters. You can treat the book as a simple paint-by-numbers guide to everything from a simple caching DNS to the most complex secure DNS (DNSSEC) implementation. Background information is included for when you need to know what to do and why you have to do it, and so that you can modify processes to meet your unique needs.</subfield>
  </datafield>
  <datafield tag="533" ind1=" " ind2=" ">
   <subfield code="a">Electronic reproduction.</subfield>
   <subfield code="b">New York</subfield>
   <subfield code="c">SpringerLink</subfield>
   <subfield code="d">2011.</subfield>
   <subfield code="n">Available via World Wide Web through SpringerLink.</subfield>
  </datafield>
  <datafield tag="650" ind1=" " ind2="0">
   <subfield code="a">Internet domain names.</subfield>
  </datafield>
  <datafield tag="650" ind1=" " ind2="0">
   <subfield code="a">Internet addresses.</subfield>
  </datafield>
  <datafield tag="650" ind1=" " ind2="0">
   <subfield code="a">Computer network protocols.</subfield>
  </datafield>
  <datafield tag="650" ind1=" " ind2="0">
   <subfield code="a">Electronic books.</subfield>
  </datafield>
  <datafield tag="710" ind1="2" ind2=" ">
   <subfield code="a">SpringerLink (Online service).</subfield>
  </datafield>
  <datafield tag="842" ind1=" " ind2=" ">
   <subfield code="a">Electronic Resource</subfield>
  </datafield>
  <datafield tag="856" ind1="4" ind2="0">
   <subfield code="y">Available for University of the Philippines Diliman via SpringerLink. Click here to access</subfield>
   <subfield code="u">http://dx.doi.org/10.1007/978-1-4302-3049-6</subfield>
  </datafield>
  <datafield tag="905" ind1=" " ind2=" ">
   <subfield code="a">FO</subfield>
  </datafield>
  <datafield tag="950" ind1=" " ind2=" ">
   <subfield code="a">Monograph</subfield>
  </datafield>
  <datafield tag="852" ind1="0" ind2=" ">
   <subfield code="a">UPD</subfield>
   <subfield code="b">DMLR</subfield>
  </datafield>
  <datafield tag="942" ind1=" " ind2=" ">
   <subfield code="a">Electronic Resource</subfield>
  </datafield>
 </record>
</collection>
